• 首页
  • 本馆介绍
  • 公告通知
  • 最新文献
  • 馆藏检索
  • 电子资源
  • 读者导购
  • 参考咨询
  • 我的图书馆
  • 登录
  • 详细信息显示
  • 放入我的书架
  • 预约/预借图书
  • 作者相关作品
  • 分类相关作品
  • 丛书相关作品
  • 出版社相关作品

书目信息

  • 表格格式
  • 工作单格式
  • 卡片格式
题名:
中国生物物种名录
    
 
作者: 向春雷 , 刘启新 , 彭华 编著
分册: 第一卷   植物
出版信息: 北京   科学出版社  2016.10
页数: 12,313页
开本: 29cm
丛书名:
单 册:
中图分类: Q152-62 , Q949.72-62
科图分类:
主题词: 生物--物种--中国--名录 , 唇形科--物种--中国--名录 , 伞形科--物种--中国--名录
电子资源:
ISBN: 978-7-03-050070-0
000 01594nam0 2200373 450
001 0400004878
005 20171026151710.95
010    @a978-7-03-050070-0@dCNY148.00
100    @a20170215d2016 em y0chiy50 ea
101 0  @achi@alat
102    @aCN@b110000
105    @ay az 001yy
106    @ar
200 1  @a中国生物物种名录@9zhong guo sheng wu wu zhong ming lu@h第一卷@i植物@i种子植物@hIX@i被子植物@i唇形科-伞形科@dSpecies catalogue of China@hVolume 1@iPlants@iSpermatophytes@hIX@iAngiosperms@iLamiaceae-apiaceae@f向春雷,刘启新,彭华编著@zeng
210    @a北京@c科学出版社@d2016.10
215    @a12,313页@d29cm
300    @a国家出版基金项目 “十三五”国家重点图书出版规划项目
320    @a有书目(第248-253页)和索引(第254-313页)
330    @a本书收录了中国被子植物共17科332属2962种(含种下等级),其中1696种(不含种下等级)(57%)为中国特有,51种(1.7%)为外来植物。每一种的内容包括中文名、学名和异名及原始发表文献、国内外分布等信息。
510 1  @aSpecies catalogue of China@hVolume 1@iPlants@iSpermatophytes@hIX@iAngiosperms@iLamiaceae-apiaceae@zeng
517 1  @a植物@9zhi wu
517 1  @a种子植物@9zhong zi zhi wu
517 1  @a被子植物@9bei zi zhi wu
517 1  @a唇形科-伞形科@9chun xing ke - san xing ke
606 0  @a生物@x物种@y中国@j名录
606 0  @a唇形科@x物种@y中国@j名录
606 0  @a伞形科@x物种@y中国@j名录
690    @aQ152-62@v5
690    @aQ949.72-62@v5
701  0 @a向春雷@9xiang chun lei@4编著
701  0 @a刘启新@9liu qi xin@4编著
701  0 @a彭华@9peng hua@4编著
801  0 @aCN@b91MARC@c20171025
905    @b1039734-7@dQ152-62@f4@e232:1
    
    中国生物物种名录.第一卷.植物.种子植物.IX.被子植物.唇形科-伞形科=Species catalogue of China.Volume 1.Plants.Spermatophytes.IX.Angiosperms.Lamiaceae-apiaceae/向春雷,刘启新,彭华编著.-北京:科学出版社,2016.10
    12,313页;29cm
    国家出版基金项目 “十三五”国家重点图书出版规划项目
    
    ISBN 978-7-03-050070-0:CNY148.00
    本书收录了中国被子植物共17科332属2962种(含种下等级),其中1696种(不含种下等级)(57%)为中国特有,51种(1.7%)为外来植物。每一种的内容包括中文名、学名和异名及原始发表文献、国内外分布等信息。
●
相关链接 在E读中查询图书 在五车中查询图书 在当当中查询图书 在豆瓣中查询图书


正题名:中国生物物种名录     索取号:Q152-62/232:1         预约/预借

序号 登录号 条形码 馆藏地/架位号 状态 备注
1 1039734   210397346   第二样本阅览室/ [索取号:Q152-62/232:1] 在馆    
2 1039735   210397355   第三借阅区/ [索取号:Q152-62/232:1] 在馆    
3 1039736   210397364   第三借阅区/ [索取号:Q152-62/232:1] 在馆    
4 1039737   210397373   生命科学系资料室/ [索取号:Q152-62/232:1] 在馆    
唐山师范学院图书馆 欢迎您!
大连网信软件有限公司© 版权所有